| 000 | 00526nam a2200229Ia 4500 | ||
|---|---|---|---|
| 008 | 210210b1950 xxu||||| |||| 00| 0 eng d | ||
| 041 | _aeng | ||
| 082 | _a230/96 | ||
| 100 | _aKNOX (R A) | ||
| 245 |
_aEnthusiasm _bChapter in the history of religion |
||
| 260 |
_aOxford _bAt the Clarendon Press _c1950 |
||
| 300 | _aviii,622 | ||
| 650 | _athe | ||
| 650 | _areligion | ||
| 650 | _aof | ||
| 650 | _ain | ||
| 650 | _ahistory | ||
| 650 | _aEnthusiasm | ||
| 650 | _aChapter | ||
| 690 | _aReligion | ||
| 906 | _a001332 | ||
| 999 |
_c116459 _d116459 |
||